000 00465nam a2200181Ia 4500
003 GCL
008 140319s9999 xx 000 0 eng d
040 _aGCL /
_cGCL
082 0 4 _a551
_bM E
100 1 _aMONTGOMARY, GARLA W
245 1 0 _aEARTH: THEN AND NOW /
_cMONTGOMARY, GARLA W
700 1 _aDATHE, DAVID
260 _a[S.N] :
_bWM. C. BROWN PUBLISHERS ،
_c1994
300 _a568 P
650 0 4 _aEARTH
650 0 4 _aPHYSICAL GEOGRAPHY
942 _2ddc
_cBK
999 _c11491
_d11491